Canadian Musicians/Bands by Song - Statistics

General Stats
  • This quiz has been taken 36 times
    19 since last reset
  • The average score is 59 of 131
Answer Stats
Hint Answer % Correct
Girlfriend Avril Lavigne
100%
Summer of 69 Bryan Adams
100%
Call Me Maybe Carly Rae Jepsen
100%
One Dance Drake
100%
What Do You Mean? Justin Bieber
100%
Promiscuous Nelly Furtado
100%
How You Remind Me Nickleback
100%
Man! I Feel Like a Woman! Shania Twain
100%
Can't Feel My Face The Weeknd
100%
Ironic Alanis Morissette
75%
This Could Be Anywhere In The World Alexisonfire
75%
One Week Barenaked Ladies
75%
Rusted From The Rain Billy Talent
75%
The Power of Love Celine Dion
75%
Save Your Scissors City and Colour
75%
Paralyzer Finger Eleven
75%
Sundown Gordon Lightfoot
75%
I've Been Everywhere Hank Snow
75%
A Case Of You Joni Mitchell
75%
Rock N' Roll Duty Kim Mitchell
75%
Steal My Sunshine LEN
75%
My Kind Of Woman Mac Demarco
75%
Rude Magic!
75%
Hayloft II Mother Mother
75%
Heart of Gold Neil Young
75%
Tom Sawyer Rush
75%
Stiches Shawn Mendes
75%
Informer Snow
75%
Ahead by a Century The Tragically Hip
75%
I Go Blind 54.40
50%
Black Velvet Alannah Myles
50%
Scars to Your Beautiful Alessia Cara
50%
Archie, Marry Me Alvvays
50%
Song on the Beach Arcade Fire
50%
11:11 Arkells
50%
You Ain't Seen Nothing Yet Bachman-Turner Overdrive
50%
Lost in the Light Bahamas
50%
Moment Of Weakness Bif Naked
50%
Fly At Night Chilliwack
50%
Five Dollar Bill Corb Lund
50%
Peaches Daniel Caesar
50%
Ghosts N Stuff Deadmau5
50%
Nobody's Supposed to Be Here Deborah Cox
50%
Who the Hell Do You Think You Are D.O.A.
50%
Your Man Down With Webster
50%
Fever Pitch Hotel Mira
50%
Insensitive Jann Arden
50%
Summer Dress July Talk
50%
Hard On Everyone Kathleen Edwards
50%
On My Arm Leith Ross
50%
Hallelujah Leonard Cohen
50%
All To Myself Marianas Trench
50%
Everything Is Automatic Matthew Good
50%
Show Me How Men I Trust
50%
The Safety Dance Men Without Hats
50%
Gimme Sympathy Metric
50%
Haven't Met You Yet Michael Buble
50%
Clumsy Our Lady Peace
50%
Alrighty Aphrodite Peach Pit
50%
Vampire's Dream Personality Crisis
50%
Obedear Purity Ring
50%
Fallen Angel Robbie Robertson
50%
Cigarettes and Chocolate Milk Rufus Wainwright
50%
I Love You Said the Whale
50%
Angel Sarah McLachlan
50%
What Do I Got To Lose? Sebastian Bach
50%
Stompa Serena Ryder
50%
Shiver Shawn Desman
50%
Operator (A Girl Like Me) Shiloh
50%
What's New Scooby-Doo? Simple Plan
50%
Joni Mitchell Tapes SNFU
50%
Throw Ya Hands Up Stereos
50%
Bud the Spud Stompin' Tom Connors
50%
Fat Lip Sum 41
50%
Back In Your Head Tegan and Sara
50%
The Weight The Band
50%
Blame Brett The Beaches
50%
Eeny Meeny Money Moe The Canadian Sweethearts
50%
I'm a Little Mixed Up The Carnations
50%
Let's Fall In Love The Carps
50%
American Woman The Guess Who
50%
Cry The Philosopher Kings
50%
Please Don't Lead Me On The Sheepdogs
50%
Pity The Man With The Fast Right Hand the smalls
50%
Sweet City Woman The Stampeders
50%
Heaven Coming Down The Tea Party
50%
Hanging From The Ceiling The Velveteins
50%
Animal I Have Become Three Days Grace
50%
Life is a Highway Tom Cochrane
50%
Lay It On The Line Triumph
50%
Raise a Little Hell Trooper
50%
Snowbird Anne Murray
25%
It Boy bbno$
25%
Diggin' A Hole Big Sugar
25%
Bombs Away Big Wreck
25%
Hasn't Hit Me Yet Blue Rodeo
25%
Lovers in a Dangerous Time Bruce Cockburn
25%
Black To Gold Dear Rouge
25%
Santa Baby Holly Cole
25%
Constant Craving k.d. lang
25%
Echo Beach Martha & The Muffins
25%
Fuck The Pain Away Peaches
25%
Born To Be Wild Steppenwolf
25%
Seasons in the Sun Terry Jacks
25%
Bide Your Time The Judes
25%
Tell Her What I Said The Sadies
25%
Born Country Alabama
0%
Rock Me Gently Andy Kim
0%
Sign of the Gypsy Queen April Wine
0%
Running Away BadBadNotGood
0%
7/4 Broken Social Scene
0%
Sunglasses At Night Corey Hart
0%
Mmm Mmm Mmm Mmm Crash Test Dummies
0%
Bad Day Daniel Powter
0%
Freeze Me Death From Above 1979
0%
Crimson Tide Destroyer
0%
Let It Die Feist
0%
The House That Heaven Built Japandroids
0%
Squeeze Kasador
0%
Drive My Soul LIGHTS
0%
Working For The Weekend Loverboy
0%
Push Moist
0%
Hot Child in the City Nick Gilder
0%
Diana Paul Anka
0%
Doesn't Really Matter Platinum Blonde
0%
Kids PUP
0%
Jacuzzi Radio Radio
0%
My Heroine Silverstein
0%
Money City Maniacs Sloan
0%
Circle With Me Spiritbox
0%
Bambi Tokyo Police Club
0%
No matching quizzes found
Score Distribution
Percent of People with Each Score
Percentile by Number Answered
Your Score History
You have not taken this quiz since the last reset